000 00590nam a22001937a 4500
005 20250707143233.0
010 _aENG-145751
020 _a9789361596353
_c300.00
035 _aEN-129283
037 _bDBAD
082 _a651.29
_21
100 _aPujara, Bhavuk
_982684
245 _aNTA CUET UG 2025:
_bBusiness Studies/
_cBhavuk Pujara
250 _a1
260 _aNoida
_bPearson India Education
_c2025
270 _a15th Floor, Towe-B, World Trade Tower, Plot No.1, Block-C, Sector-16
_bNoida
_e201301
300 _avpp.
_c23cm(pb)
942 _2ddc
_cEN
_h651.29
_mPUJ
999 _c212172
_d212172